| 000 | 00599nam a2200193Ia 4500 | ||
|---|---|---|---|
| 001 | 46915 | ||
| 008 | 140429s9999 xx 000 0 und d | ||
| 020 | _a1860642616 | ||
| 040 | _cPK-LaUMT | ||
| 082 |
_a 320.958 _bIDE- |
||
| 100 | _aSchendel, Willem Van | ||
| 245 |
_aIdentity politics in central Asia and the Muslim world _bnationalism, ethnicity and labour in the twentieth century _cSchendel, Willem Van<>Zurcher, Erik J. |
||
| 260 |
_aLondon,UK: _bI. B. Tauris Publishers, _c2001 |
||
| 300 | _a235 p. | ||
| 546 | _aEN | ||
| 650 | _aMuslim world | ||
| 700 | _aZurcher, Erik J. | ||
| 942 | _cBK | ||
| 999 |
_c44864 _d44864 |
||